000 00217nam a2200097Ia 4500
008 120527s9999 xx 000 0 und d
100 _aBROWN,S.S
245 _aWater color collection.
260 _bScheewe
942 _cBK
999 _c24075
_d24075